000
00278nam a2200109Ia 4500
008
220204s9999 xx 000 0 und d
082
_a
001.8
_b
WIL
100
_a
Wilson, B E
245
0
_a
Introduction to scientific research
260
_a
New York
_b
McGraw Hill
_c
1952
942
_c
BK
999
_c
20455
_d
20455